000 01065nmm a2200289 a 4500
001 ocm0001132549
003 TR-IsHL
005 20201028152134.0
008 150709s2014 tu tur
007 cr cn
035 _a1132549
_b(N$T)
050 0 4 _aBP131.13
_b.S23 2014
090 0 4 _aBP131.13
_b.S23 2014
100 1 _aṢabrī, Muṣṭafá
245 1 0 _aKur'ân tercümesi meselesi
_h[electronic resource] /
_cMuṣṭafá Ṣabrī ; Arapçadan çeviren Süleyman Çelik
260 _aİstanbul :
_bBedir Yayınevi,
_c2014
300 _a217 p.
650 4 _aFelsefe, Psikoloji ve Din
650 4 _aPhilosophy, Psychology and Religion
650 0 _aKur'an
_x Tercüme
650 0 _aKoran
_xTranslating
650 0 _aTercüme ve yorumlama
_xPolitik yönleri
_xTürkiye
650 0 _aTranslating and interpreting
_xPolitical aspects
_xTurkey
650 7 _aRELIGION / Islam / Koran & Sacred Writings
_2bisacsh
700 1 _aÇelik, Süleyman
856 4 0 _uhttp://search.ebscohost.com/login.aspx?direct=true&scope=site&db=e011xww&AN=1132549
999 _c11373
_d11373